Les Pokémon de la Cinquième Génération dans l'ordre - Statistiques

Statistiques générales
  • Ce quiz a été pris 74 fois
  • Le résultat moyen est 85 sur 156
Statistiques - réponses
# Nom % Correct
0503 Clamiral
100%
0499 Grotichon
100%
0496 Lianaja
100%
0497 Majaspic
100%
0502 Mateloutre
100%
0501 Moustillon
100%
0500 Roitiflam
100%
0494 Victini
100%
0495 Vipélierre
100%
0498 Gruikui
95%
0504 Ratentif
95%
0505 Miradar
90%
0521 Déflaisan
85%
0511 Feuillajou
85%
0512 Feuiloutan
85%
0513 Flamajou
85%
0514 Flamoutan
85%
0515 Flotajou
85%
0516 Flotoutan
85%
0519 Poichigeon
85%
0507 Ponchien
85%
0506 Ponchiot
85%
0509 Chacripan
80%
0520 Colombeau
80%
0510 Léopardus
80%
0508 Mastouffe
80%
0517 Munna
80%
0518 Mushana
80%
0526 Gigalithe
75%
0524 Nodulithe
75%
0522 Zébibron
75%
0523 Zéblitz
75%
0525 Géolithe
70%
0529 Rototaupe
70%
0534 Bétochef
65%
0548 Chlorobule
65%
0527 Chovsourir
65%
0575 Mesmérella
65%
0530 Minotaupe
65%
0531 Nanméouïe
65%
0528 Rhinolove
65%
0576 Sidérella
65%
0532 Charpenti
60%
0546 Doudouvet
60%
0549 Fragilady
60%
0542 Manternel
60%
0578 Méios
60%
0577 Nucléos
60%
0533 Ouvrifier
60%
0574 Scrutella
60%
0579 Symbios
60%
0536 Batracné
55%
0572 Chinchidou
55%
0541 Couverdure
55%
0537 Crapustule
55%
0553 Crocorible
55%
0547 Farfaduvet
55%
0538 Judokrak
55%
0539 Karaclée
55%
0540 Larveyette
55%
0551 Mascaïman
55%
0535 Tritonde
55%
0562 Tutafeh
55%
0563 Tutankafer
55%
0543 Venipatte
55%
0550 Bargantua
50%
0545 Brutapode
50%
0564 Carapagos
50%
0600 Clic
50%
0601 Cliticlic
50%
0638 Cobaltium
50%
0610 Coupenotte
50%
0561 Cryptéro
50%
0555 Darumacho
50%
0554 Darumarond
50%
0645 Démétéros
50%
0552 Escroco
50%
0649 Genesect
50%
0647 Keldeo
50%
0646 Kyurem
50%
0556 Maracachi
50%
0565 Mégapagos
50%
0573 Pashmilla
50%
0643 Reshiram
50%
0544 Scobolide
50%
0639 Terrakium
50%
0599 Tic
50%
0612 Tranchodon
50%
0644 Zekrom
50%
0567 Aéroptéryx
45%
0602 Anchwatt
45%
0566 Arkéapti
45%
0559 Baggiguane
45%
0641 Boréas
45%
0557 Crabicoque
45%
0642 Fulguris
45%
0611 Incisache
45%
0648 Meloetta
45%
0568 Miamiasme
45%
0569 Miasmax
45%
0596 Mygavolt
45%
0604 Ohmassacre
45%
0584 Sorbouboul
45%
0583 Sorboul
45%
0595 Statitik
45%
0640 Viridium
45%
0571 Zoroark
45%
0570 Zorua
45%
0560 Baggaïd
40%
0580 Couaneton
40%
0558 Crabaraque
40%
0634 Diamat
40%
0587 Emolga
40%
0607 Funécire
40%
0597 Grindur
40%
0581 Lakmécygne
40%
0603 Lampéroie
40%
0589 Lançargot
40%
0598 Noacier
40%
0637 Pyrax
40%
0636 Pyronille
40%
0633 Solochi
40%
0582 Sorbébé
40%
0635 Trioxhydre
40%
0590 Trompignon
40%
0631 Aflamanoir
35%
0588 Carabing
35%
0632 Fermite
35%
0591 Gaulet
35%
0628 Guériaigle
35%
0586 Haydaim
35%
0615 Hexagel
35%
0605 Lewsor
35%
0609 Lugulabre
35%
0608 Mélancolux
35%
0606 Neitram
35%
0625 Scalproie
35%
0585 Vivaldaim
35%
0627 Furaiglon
30%
0619 Kungfouine
30%
0594 Mamanbo
30%
0593 Moyade
30%
0614 Polagriffe
30%
0613 Polarhume
30%
0624 Scalpion
30%
0630 Vaututrice
30%
0592 Viskuse
30%
0629 Vostourno
30%
0621 Drakkarmin
25%
0626 Frison
25%
0623 Golemastoc
25%
0622 Gringolem
25%
0617 Limaspeed
25%
0620 Shaofouine
25%
0616 Escargaume
20%
0618 Limonde
20%
Aucun quiz correspondant
Distribution des résultats
% des personnes avec chaque résultat
Percentile par nombre de réponses
Votre historique - résultats
Vous n’avez pas pris ce quiz